000 00431nam a2200181Ia 4500
001 2852
005 20260306144837.0
008 260306t2019||||xx |||||||||||||| ||spa||
041 _aESP
082 _a230.2
_bT69 2019 T. 13
100 _aTomás de Aquino, Santo
_eAUT
245 0 _aSuma teológica
260 _c2019
300 _axviii, 882 páginas :
_c20 cm.
650 _aGEN
654 _aCHU
942 _cLIB
_dJUS
_fJUS
_2ddc
_n
999 _c2852
_d2852